[Event "London Classic op 4th"]
[Site "London"]
[Date "2012.12.08"]
[Round "8"]
[White "Stone, Andrew M"]
[Black "Schneider, Igor"]
[Result "1/2-1/2"]
[WhiteElo "2203"]
[BlackElo "2376"]
[PlyCount "39"]
[EventDate "2012.12.01"]
[EventType "swiss"]
[EventRounds "9"]
[EventCountry "ENG"]
[SourceTitle "EXT 2014"]
[Source "ChessBase"]
[SourceDate "2013.11.20"]
[SourceVersion "1"]
[SourceVersionDate "2013.11.20"]
[SourceQuality "1"]

1. c4 e6 2. g3 d5 3. Bg2 c6 4. Nf3 dxc4 5. Na3 Bxa3 6. bxa3 b5 7. Bb2 Nf6 8. 0-0 Bb7 9. Ne5 0-0 10. d3 cxd3 11. Nxd3 Nbd7 12. Rc1 Rc8 13. Rc2 Nd5 14. Qa1 f6 15. Bd4 a6 16. Nc5 Nxc5 17. Bxc5 Rf7 18. Rd1 Qe8 19. Rcd2 f5 20. Qe5 1/2-1/2

[Event "London Classic op 4th"]
[Site "London"]
[Date "2012.12.05"]
[Round "5"]
[White "Schneider, Igor"]
[Black "Cannon, Richard James"]
[Result "1-0"]
[WhiteElo "2376"]
[BlackElo "2071"]
[PlyCount "145"]
[EventDate "2012.12.01"]
[EventType "swiss"]
[EventRounds "9"]
[EventCountry "ENG"]
[SourceTitle "CBM 151 Extra"]
[Source "ChessBase"]
[SourceDate "2012.12.18"]
[SourceVersion "1"]
[SourceVersionDate "2012.12.18"]
[SourceQuality "1"]

1. e4 e6 2. d4 d5 3. Nd2 Nf6 4. e5 Nfd7 5. c3 c5 6. Bd3 Nc6 7. Ngf3 Be7 8. 0-0 g5 9. dxc5 g4 10. Nd4 Ndxe5 11. Bb5 Bd7 12. Bxc6 bxc6 13. Qe2 Ng6 14. f4 gxf3 15. N2xf3 Qc7 16. b4 e5 17. Nb3 f6 18. Bh6 Rg8 19. Kh1 Kd8 20. Rf2 Rb8 21. a3 Qc8 22. Qd2 Qa6 23. a4 Qb7 24. Be3 Ke8 25. Na5 Qc7 26. Raf1 Be6 27. Qe2 Qc8 28. Ng1 Bg4 29. Qd2 Rf8 30. Ne2 Be6 31. Ng3 Nh4 32. Nh5 f5 33. Bg5 f4 34. Ng7+ Kd7 35. Nxe6 Kxe6 36. Bxe7 Kxe7 37. Qe2 Ng6 38. b5 cxb5 39. axb5 Qxc5 40. Nc6+ Kd6 41. Nxb8 Rxb8 42. Rd1 Qxc3 43. Qa2 Rxb5 44. Qxa7 Ne7 45. Rff1 Rc5 46. Qb8+ Ke6 47. Qh8 Qc2 48. Rde1 Qf5 49. Ra1 Rc6 50. Qb8 Kf7 51. Ra7 Re6 52. Qb5 e4 53. Qb8 Re5 54. Qd6 f3 55. gxf3 exf3 56. Qa3 f2 57. Qg3 Re2 58. Kg2 Qe4+ 59. Qf3+ Ke6 60. Qxe4+ dxe4 61. Rxf2 Re3 62. Rb2 Ng6 63. Rxh7 Nf4+ 64. Kf1 Rf3+ 65. Rf2 Nd3 66. Rxf3 exf3 67. Rh3 Ne5 68. Rg3 Kf5 69. h4 Kf4 70. Rg1 Ng4 71. h5 Ne3+ 72. Kf2 Ng4+ 73. Rxg4+ 1-0

[Event "London Classic op 4th"]
[Site "London"]
[Date "2012.12.03"]
[Round "3"]
[White "Schneider, Igor"]
[Black "Melkumyan, Hrant"]
[Result "0-1"]
[WhiteElo "2376"]
[BlackElo "2649"]
[PlyCount "116"]
[EventDate "2012.12.01"]
[EventType "swiss"]
[EventRounds "9"]
[EventCountry "ENG"]
[SourceTitle "CBM 151 Extra"]
[Source "ChessBase"]
[SourceDate "2012.12.18"]
[SourceVersion "1"]
[SourceVersionDate "2012.12.18"]
[SourceQuality "1"]

1. e4 e5 2. Nf3 Nc6 3. Nc3 Nf6 4. d4 exd4 5. Nxd4 Bb4 6. Nxc6 bxc6 7. Bd3 0-0 8. 0-0 Re8 9. Qf3 Rb8 10. Bg5 Bd6 11. Bxf6 Qxf6 12. Qxf6 gxf6 13. Rab1 Be5 14. Nd1 Rb6 15. b3 Ba6 16. c4 Bd4 17. Ne3 Bxe3 18. fxe3 c5 19. Bc2 Re5 20. Rf4 Bc8 21. Rbf1 Kg7 22. Rg4+ Kf8 23. Rh4 Bb7 24. Rxh7 Ra6 25. Ra1 Rd6 26. Rf1 Bxe4 27. Bxe4 Rxe4 28. Rh3 Ke7 29. Rhf3 a5 30. R1f2 a4 31. Rb2 Rb6 32. Rff2 Rxe3 33. Rfe2 Re5 34. bxa4 Ra6 35. Red2 d6 36. Rdc2 Rxa4 37. h4 Re4 38. g3 Raxc4 39. Rf2 Rc3 40. Kg2 Ree3 41. Rfe2 Rxe2+ 42. Rxe2+ Kf8 43. Rd2 Ra3 44. Rc2 Kg7 45. Kh3 Kg6 46. Kg4 f5+ 47. Kf4 Ra4+ 48. Kf3 Kf6 49. Ke3 Ke5 50. Kf3 Ra3+ 51. Kg2 Kf6 52. Kh3 f4 53. Kg4 fxg3 54. h5 Ra4+ 55. Kxg3 Kg5 56. Rf2 f5 57. h6 Ra3+ 58. Rf3 f4+ 0-1

[Event "World op 38th"]
[Site "Philadelphia"]
[Date "2010.07.05"]
[Round "9"]
[White "Robson, Ray"]
[Black "Schneider, Igor"]
[Result "1-0"]
[WhiteElo "2569"]
[BlackElo "2392"]
[PlyCount "97"]
[EventDate "2010.06.29"]
[EventType "swiss"]
[EventRounds "9"]
[EventCountry "USA"]
[SourceTitle "CBM 137 Extra"]
[Source "ChessBase"]
[SourceDate "2010.09.01"]
[SourceVersion "1"]
[SourceVersionDate "2010.09.01"]
[SourceQuality "1"]

1. e4 e6 2. d4 d5 3. Nc3 Nf6 4. e5 Nfd7 5. Nce2 c5 6. c3 Nc6 7. f4 cxd4 8. cxd4 f5 9. Nf3 Be7 10. Nc3 0-0 11. Bd3 Nb6 12. a3 a5 13. b3 Bd7 14. h4 Be8 15. h5 Kh8 16. a4 Nb4 17. Be2 Rb8 18. Bd2 Na8 19. Kf2 Nc7 20. Rc1 b5 21. axb5 Nxb5 22. Na4 Nc7 23. Nc5 Bb5 24. Qe1 Bxe2 25. Qxe2 Bxc5 26. Rxc5 Nca6 27. Bxb4 Nxb4 28. h6 g6 29. Rhc1 Rf7 30. Ng5 Re7 31. Kg3 Kg8 32. Rb5 Ra8 33. Rbc5 Rb8 34. Ra1 Qf8 35. Raxa5 Qxh6 36. Rab5 Qf8 37. Rxb8 Qxb8 38. Rb5 Rb7 39. Rxb7 Qxb7 40. Nxe6 Qb6 41. Nc5 Nc6 42. Qf3 Ne7 43. Qc3 Kg7 44. b4 Nc6 45. Ne6+ Kg8 46. Qa3 Qxb4 47. Qa8+ Nb8 48. Kh2 Kf7 49. Ng5+ 1-0

[Event "Deizisau op 4th"]
[Site "Deizisau"]
[Date "2009.10.29"]
[Round "1"]
[White "Schneider, Igor"]
[Black "Schroeder, Klaus"]
[Result "1-0"]
[WhiteElo "2392"]
[BlackElo "1943"]
[PlyCount "63"]
[EventDate "2009.10.29"]
[EventType "swiss"]
[EventRounds "7"]
[EventCountry "GER"]
[SourceTitle "EXT 2010"]
[Source "ChessBase"]
[SourceDate "2010.11.25"]
[SourceVersion "1"]
[SourceVersionDate "2010.11.25"]
[SourceQuality "1"]

1. d4 d5 2. c4 e6 3. Nf3 Nf6 4. g3 b6 5. Bg2 Bb7 6. 0-0 Be7 7. Nc3 0-0 8. Ne5 Nbd7 9. cxd5 Nxe5 10. d6 Bxg2 11. dxe7 Qxe7 12. dxe5 Bxf1 13. exf6 Qxf6 14. Kxf1 Rfd8 15. Qa4 Rd4 16. Qc6 Rad8 17. Qxc7 Qf5 18. Be3 Qh3+ 19. Kg1 R4d7 20. Qc6 h5 21. Qa4 Qf5 22. Rc1 g5 23. h4 gxh4 24. Qxh4 Rc8 25. Kg2 Rdc7 26. Rh1 f6 27. Qxh5 Qxh5 28. Rxh5 Kg7 29. Rh4 Rc6 30. Rg4+ Kf7 31. Nb5 Rc2 32. Nd6+ 1-0

[Event "Richardson UTD IM"]
[Site "Richardson"]
[Date "2008.11.29"]
[Round "8"]
[White "Schneider, Igor"]
[Black "Lopez, Nelson M"]
[Result "1-0"]
[WhiteElo "2397"]
[BlackElo "2173"]
[PlyCount "89"]
[EventDate "2008.11.26"]
[EventType "tourn"]
[EventRounds "9"]
[EventCountry "USA"]
[EventCategory "2"]
[SourceTitle "CBM 127 Extra"]
[Source "ChessBase"]
[SourceDate "2009.01.08"]
[SourceVersion "2"]
[SourceVersionDate "2009.01.28"]
[SourceQuality "1"]

1. e4 d5 2. exd5 Qxd5 3. Nc3 Qd6 4. d4 Nf6 5. Nf3 a6 6. Bc4 b5 7. Bb3 Bb7 8. 0-0 e6 9. Qe2 Nbd7 10. Bg5 Be7 11. Rad1 0-0 12. d5 e5 13. Rfe1 b4 14. Ne4 Nxe4 15. Bxe7 Qxe7 16. Qxe4 Qd6 17. Ba4 f5 18. Qh4 e4 19. Ng5 Nf6 20. Ne6 Rf7 21. Bb3 g6 22. c4 bxc3 23. bxc3 a5 24. c4 a4 25. Bc2 Qb4 26. Ng5 Rg7 27. Rc1 Qxc4 28. d6 Qxa2 29. dxc7 Rc8 30. Bb1 Qb3 31. Nxe4 Nxe4 32. Qd8+ Kf7 33. Bxe4 fxe4 34. Red1 g5 35. Rd7+ Kg6 36. Rd6+ Kh5 37. h3 Rg6 38. Qe7 Qg8 39. Rd7 a3 40. Qxa3 g4 41. Rc5+ Rg5 42. hxg4+ Kg6 43. Rxg5+ Kxg5 44. Qc5+ Kxg4 45. Qe5 1-0

[Event "Richardson UTD IM"]
[Site "Richardson"]
[Date "2008.11.27"]
[Round "4"]
[White "Schneider, Igor"]
[Black "Kiewra, Keaton F"]
[Result "1-0"]
[WhiteElo "2397"]
[BlackElo "2380"]
[PlyCount "83"]
[EventDate "2008.11.26"]
[EventType "tourn"]
[EventRounds "9"]
[EventCountry "USA"]
[EventCategory "2"]
[SourceTitle "CBM 127 Extra"]
[Source "ChessBase"]
[SourceDate "2009.01.08"]
[SourceVersion "2"]
[SourceVersionDate "2009.01.28"]
[SourceQuality "1"]

1. e4 c5 2. Nf3 d6 3. d4 Nf6 4. Nc3 cxd4 5. Nxd4 e6 6. Be2 Be7 7. Be3 Nc6 8. 0-0 0-0 9. f4 e5 10. fxe5 Nxe5 11. Kh1 Be6 12. Qe1 a6 13. Qg3 b5 14. Bh6 Ne8 15. Bf4 Bh4 16. Qe3 Nc4 17. Bxc4 Bxc4 18. Rfd1 Qb6 19. Rd2 Bf6 20. Rad1 Be5 21. Qg3 b4 22. Nd5 Bxd5 23. exd5 Nf6 24. Bxe5 dxe5 25. Nf5 Nh5 26. Qxe5 Qf6 27. Ne7+ Kh8 28. Qxf6 Nxf6 29. d6 Nd7 30. Rd4 a5 31. Rc4 Ne5 32. Rc7 f6 33. d7 Rad8 34. Rd5 g6 35. Kg1 Kg7 36. Rxa5 Rf7 37. Nd5 Rdxd7 38. Rxd7 Rxd7 39. Nxb4 Nc4 40. Rd5 Rb7 41. b3 Rxb4 42. Rd4 1-0

[Event "USA tt qf"]
[Site "ICC INT"]
[Date "2008.11.10"]
[Round "1"]
[White "Shankland, Samuel L"]
[Black "Schneider, Igor"]
[Result "1-0"]
[WhiteElo "2436"]
[BlackElo "2397"]
[PlyCount "91"]
[EventDate "2008.11.10"]
[EventType "team-tourn"]
[EventRounds "1"]
[EventCountry "USA"]
[SourceTitle "EXT 2009"]
[Source "ChessBase"]
[SourceDate "2008.11.26"]
[SourceVersion "1"]
[SourceVersionDate "2008.11.26"]
[SourceQuality "1"]

1. e4 e6 2. d4 d5 3. Nd2 a6 4. Ngf3 Nf6 5. e5 Nfd7 6. Bd3 c5 7. c3 Nc6 8. 0-0 Be7 9. Re1 g5 10. dxc5 g4 11. Nd4 Ncxe5 12. N2b3 Nxd3 13. Qxd3 Nxc5 14. Nxc5 Bxc5 15. Bf4 Bd7 16. b4 Be7 17. Qg3 Rg8 18. Bc7 Bh4 19. Qd6 Be7 20. Qb6 Qc8 21. c4 a5 22. b5 dxc4 23. Rac1 Rg6 24. Nc6 bxc6 25. bxc6 e5 26. cxd7+ Qxd7 27. Qb7 Qc6 28. Qxc6+ Rxc6 29. Bxe5 f6 30. Bc3 Kf7 31. Re4 h5 32. g3 a4 33. Rce1 Bf8 34. Rd1 a3 35. Rdd4 Rac8 36. Kg2 Kg6 37. Rd7 Rb8 38. h3 gxh3+ 39. Kxh3 Rb2 40. Re8 Bb4 41. Bd4 Rxa2 42. g4 hxg4+ 43. Kxg4 f5+ 44. Kf3 f4 45. Kg4 Rd6 46. Rg7+ 1-0

[Event "USA tt"]
[Site "ICC INT"]
[Date "2008.09.17"]
[Round "4"]
[White "Schneider, Igor"]
[Black "Perea, Osmany"]
[Result "1/2-1/2"]
[WhiteElo "2338"]
[BlackElo "2376"]
[PlyCount "72"]
[EventDate "2008.10.22"]
[EventType "team"]
[EventRounds "10"]
[EventCountry "USA"]
[SourceTitle "CBM 126 Extra"]
[Source "ChessBase"]
[SourceDate "2008.11.05"]
[SourceVersion "1"]
[SourceVersionDate "2008.11.05"]
[SourceQuality "1"]

1. e4 e5 2. Nf3 Nf6 3. Nxe5 d6 4. Nf3 Nxe4 5. Nc3 Nxc3 6. dxc3 Be7 7. Be3 0-0 8. Qd2 Nd7 9. 0-0-0 Ne5 10. Kb1 Re8 11. Be2 Ng4 12. Bd3 c6 13. Bd4 c5 14. h3 Nf6 15. Be3 Qa5 16. c4 Qb6 17. Rhe1 Be6 18. Ng5 Bd7 19. Bf4 h6 20. Nf3 Bf8 21. g4 Bc6 22. Nh4 d5 23. g5 hxg5 24. Bxg5 Ne4 25. Bxe4 Rxe4 26. Rxe4 dxe4 27. Nf5 Qc7 28. a3 Qe5 29. Ng3 Re8 30. Bf4 Qe6 31. Qe2 e3 32. Bxe3 Qxh3 33. Rg1 Rd8 34. Bg5 Re8 35. Be3 Rd8 36. Bg5 Re8 1/2-1/2

[Event "Pardubice Chladek&Tintera op-A 19th"]
[Site "Pardubice"]
[Date "2008.07.22"]
[Round "5"]
[White "Kabanov, Nikolai"]
[Black "Schneider, Igor"]
[Result "0-1"]
[WhiteElo "2521"]
[BlackElo "2338"]
[PlyCount "31"]
[EventDate "2008.07.18"]
[EventType "swiss"]
[EventRounds "9"]
[EventCountry "CZE"]
[SourceTitle "CBM 125 Extra"]
[Source "ChessBase"]
[SourceDate "2008.09.01"]
[SourceVersion "1"]
[SourceVersionDate "2008.09.01"]
[SourceQuality "1"]

1. e4 e6 2. d4 d5 3. Nc3 Nf6 4. Bg5 dxe4 5. Nxe4 Be7 6. Bxf6 gxf6 7. Nf3 a6 8. g3 Nc6 9. c3 f5 10. Ned2 h5 11. h4 Bd6 12. Qe2 f4 13. gxf4 Bxf4 14. Ne4 Qe7 15. Bh3 Bd7 16. Nc5 0-1

[Event "Pardubice Chladek&Tintera op-A 19th"]
[Site "Pardubice"]
[Date "2008.07.20"]
[Round "3"]
[White "Vokac, Marek"]
[Black "Schneider, Igor"]
[Result "1/2-1/2"]
[WhiteElo "2451"]
[BlackElo "2338"]
[PlyCount "67"]
[EventDate "2008.07.18"]
[EventType "swiss"]
[EventRounds "9"]
[EventCountry "CZE"]
[SourceTitle "CBM 125 Extra"]
[Source "ChessBase"]
[SourceDate "2008.09.01"]
[SourceVersion "1"]
[SourceVersionDate "2008.09.01"]
[SourceQuality "1"]

1. c4 e6 2. Nf3 d5 3. b3 Be7 4. Bb2 Bf6 5. Nc3 Ne7 6. e3 c5 7. Be2 0-0 8. d3 Nbc6 9. Qd2 b6 10. 0-0 Bb7 11. Rfd1 Qd7 12. Rac1 Rad8 13. a3 Nf5 14. cxd5 exd5 15. b4 cxb4 16. axb4 Nxb4 17. d4 a5 18. Ba3 Be7 19. Ne5 Qe6 20. Nb5 Na6 21. Bxe7 Qxe7 22. Qc2 Nd6 23. Nc6 Bxc6 24. Qxc6 Nc8 25. Qa8 Nb4 26. Rc7 Qe6 27. Qb7 Rfe8 28. h3 Ne7 29. Bg4 f5 30. Bf3 Rb8 31. Qa7 Ra8 32. Qb7 Rab8 33. Qa7 Ra8 34. Qb7 1/2-1/2

[Event "Badalona op 33st"]
[Site "Badalona"]
[Date "2007.08.04"]
[Round "3.6"]
[White "Schneider, Igor"]
[Black "Gonzalez Vidal, Yuri"]
[Result "1/2-1/2"]
[WhiteElo "2332"]
[BlackElo "2475"]
[PlyCount "141"]
[EventDate "2007.08.02"]
[EventType "swiss"]
[EventRounds "9"]
[EventCountry "ESP"]
[SourceTitle "EXT 2024"]
[Source "ChessBase"]
[SourceDate "2023.10.10"]
[SourceVersion "1"]
[SourceVersionDate "2023.10.10"]
[SourceQuality "1"]

1. e4 e5 2. Nf3 Nc6 3. Bb5 a6 4. Ba4 Nf6 5. 0-0 Be7 6. Re1 b5 7. Bb3 d6 8. c3 0-0 9. h3 Bb7 10. d4 Re8 11. Nbd2 Bf8 12. d5 Nb8 13. Nf1 Nbd7 14. N3h2 Nc5 15. Bc2 c6 16. b4 Ncd7 17. dxc6 Bxc6 18. Bg5 h6 19. Bxf6 Nxf6 20. Ng4 Nxg4 21. Qxg4 Bd7 22. Qf3 Rc8 23. Bb3 Be6 24. Qd3 Qc7 25. Rec1 Be7 26. Rc2 Bg5 27. Bd5 Bxd5 28. Qxd5 Qc4 29. Rd1 Red8 30. g3 h5 31. h4 Bh6 32. f3 Qxd5 33. Rxd5 Rc6 34. Kf2 Rdc8 35. Rd3 a5 36. a3 axb4 37. axb4 Rc4 38. Rxd6 Rxb4 39. Rd8+ Rxd8 40. cxb4 Rd4 41. Rc5 Rxb4 42. Rxe5 Rb2+ 43. Ke1 Rb1+ 44. Ke2 Rb2+ 45. Kd1 Rf2 46. Ke1 Rxf3 47. Rxb5 g6 48. Ke2 Ra3 49. Rd5 Kg7 50. Rd3 Rxd3 51. Kxd3 Kf6 52. Ke2 Ke5 53. Kf3 Kd4 54. Nh2 Bf8 55. Nf1 Bh6 56. Nh2 Bf8 57. Nf1 Bd6 58. Nd2 Kc3 59. e5 Bxe5 60. Ne4+ Kd3 61. Ng5 f6 62. Ne6 Bd6 63. Ng7 Kd4 64. g4 hxg4+ 65. Kxg4 Ke4 66. h5 gxh5+ 67. Kxh5 Bf8 68. Ne6 Be7 69. Ng7 Ke5 70. Kg6 Bc5 71. Nf5 1/2-1/2

[Event "World op 35th"]
[Site "Philadelphia"]
[Date "2007.07.04"]
[Round "8"]
[White "Coraretti, Benjamin J"]
[Black "Schneider, Igor"]
[Result "0-1"]
[WhiteElo "1956"]
[BlackElo "2337"]
[PlyCount "53"]
[EventDate "2007.06.30"]
[EventType "swiss"]
[EventRounds "9"]
[EventCountry "USA"]
[SourceTitle "CBM 119 Extra"]
[Source "ChessBase"]
[SourceDate "2007.09.04"]
[SourceVersion "1"]
[SourceVersionDate "2007.09.04"]
[SourceQuality "1"]

1. e4 e6 2. d4 d5 3. Nc3 Nf6 4. Bg5 Be7 5. e5 Nfd7 6. h4 c5 7. Bxe7 Qxe7 8. Nb5 0-0 9. Nc7 cxd4 10. Qd2 f6 11. Nxa8 fxe5 12. 0-0-0 Nf6 13. Qg5 Nc6 14. Nf3 Qd6 15. Bb5 Ne4 16. Qh5 Nb4 17. Kb1 Qc5 18. Ba4 b5 19. Bb3 a5 20. Nxe5 a4 21. Nd3 Nxd3 22. cxd3 Nc3+ 23. bxc3 axb3 24. axb3 dxc3 25. Qe2 Rxf2 26. d4 c2+ 27. Kb2 0-1

[Event "World op 35th"]
[Site "Philadelphia"]
[Date "2007.06.30"]
[Round "1"]
[White "Mikhalevski, Victor"]
[Black "Schneider, Igor"]
[Result "1/2-1/2"]
[WhiteElo "2590"]
[BlackElo "2337"]
[PlyCount "79"]
[EventDate "2007.06.30"]
[EventType "swiss"]
[EventRounds "9"]
[EventCountry "USA"]
[SourceTitle "CBM 119 Extra"]
[Source "ChessBase"]
[SourceDate "2007.09.04"]
[SourceVersion "1"]
[SourceVersionDate "2007.09.04"]
[SourceQuality "1"]

1. d4 d5 2. c4 e6 3. Nf3 c6 4. g3 dxc4 5. Bg2 b5 6. 0-0 Nf6 7. a4 Bb7 8. Ne5 Qc8 9. b3 cxb3 10. Qxb3 b4 11. Bb2 Be7 12. Nd2 c5 13. Bxb7 Qxb7 14. dxc5 Bxc5 15. Rac1 Na6 16. Qd3 Rd8 17. Qb5+ Qxb5 18. axb5 Rxd2 19. bxa6 Ne4 20. Nd3 0-0 21. Rc4 Rxe2 22. Rxe4 Rxe4 23. Nxc5 Rc4 24. Nb3 Rd8 25. Be5 f6 26. Bf4 Rc6 27. Ra1 Rd3 28. Rb1 Rd7 29. Be3 Rd5 30. Ra1 Rd3 31. Rb1 Rd5 32. Nc5 Rdxc5 33. Bxc5 Rxc5 34. Rxb4 Ra5 35. Rb8+ Kf7 36. Rb7+ Kg6 37. Rxa7 h5 38. h4 e5 39. Kf1 Ra2 40. Kg1 1/2-1/2

[Event "Dallas UTD"]
[Site "Dallas"]
[Date "2006.12.10"]
[Round "7"]
[White "Schneider, Igor"]
[Black "Kuljasevic, Davorin"]
[Result "0-1"]
[WhiteElo "2369"]
[BlackElo "2448"]
[PlyCount "78"]
[EventDate "2006.12.05"]
[EventType "tourn"]
[EventRounds "11"]
[EventCountry "USA"]
[EventCategory "9"]
[SourceTitle "CBM 115 Extra"]
[Source "ChessBase"]
[SourceDate "2007.01.10"]
[SourceVersion "1"]
[SourceVersionDate "2007.01.10"]
[SourceQuality "1"]

1. e4 c5 2. Nf3 Nc6 3. Nc3 e5 4. Bc4 d6 5. d3 Be7 6. 0-0 Nf6 7. Ng5 0-0 8. f4 Bg4 9. Qe1 exf4 10. h3 Bh5 11. Bxf4 Nd4 12. Qf2 h6 13. Nf3 Bxf3 14. gxf3 Qd7 15. Qg2 Kh8 16. Be3 b5 17. Bb3 a5 18. Bxd4 cxd4 19. Ne2 a4 20. Bd5 Nxd5 21. exd5 a3 22. bxa3 Rfc8 23. Rfc1 Bf6 24. Kh1 Rc5 25. c3 dxc3 26. d4 Rc4 27. Rxc3 Rxc3 28. Nxc3 Bxd4 29. Rc1 Rc8 30. Ne2 Rxc1+ 31. Nxc1 Qf5 32. Ne2 Bf6 33. f4 Qb1+ 34. Kh2 Qxa2 35. Qe4 Qxa3 36. Qe8+ Kh7 37. Qxb5 Qe3 38. Qc4 g6 39. Ng3 Qf2+ 0-1

[Event "USA tt Wildcard"]
[Site "ICC INT"]
[Date "2006.11.08"]
[Round "1"]
[White "Schneider, Igor"]
[Black "Readey, John"]
[Result "0-1"]
[WhiteElo "2367"]
[BlackElo "2300"]
[PlyCount "124"]
[EventDate "2006.11.08"]
[EventType "team"]
[EventRounds "1"]
[EventCountry "USA"]
[SourceTitle "EXT 2007"]
[Source "ChessBase"]
[SourceDate "2006.11.23"]
[SourceVersion "1"]
[SourceVersionDate "2006.11.23"]
[SourceQuality "1"]
[WhiteTeam "Dallas Destiny"]
[BlackTeam "Seattle"]
[WhiteTeamCountry "USA"]
[BlackTeamCountry "USA"]

1. e4 d6 2. d4 Nf6 3. Nc3 g6 4. h3 Bg7 5. Be3 a6 6. g4 h5 7. g5 Nfd7 8. Bg2 c5 9. Nge2 Nc6 10. d5 Na5 11. 0-0 b5 12. f4 Nc4 13. Bc1 b4 14. Na4 a5 15. c3 Ba6 16. Rb1 Ncb6 17. Nxb6 Qxb6 18. Be3 Rb8 19. cxb4 axb4 20. Rf2 b3 21. a3 Qa5 22. e5 dxe5 23. f5 gxf5 24. Rxf5 Qb5 25. Ng3 Qd3 26. Qe1 h4 27. Rd1 Qb5 28. Ne4 Qe2 29. Qxe2 Bxe2 30. Rd2 Bh5 31. Nxc5 Nxc5 32. Bxc5 Rc8 33. Bb4 Bg6 34. Rf3 Bc2 35. Bc3 Rh5 36. Re3 Rxg5 37. Kh2 Bh6 38. Rde2 f6 39. Bh1 Rg8 40. Bf3 Bf4+ 41. Kh1 Bd1 42. Re1 Rg3 43. Bxd1 Bxe3 44. Bg4 Rxc3 45. bxc3 Bd2 46. Rb1 Rxc3 47. Bd1 Rxh3+ 48. Kg2 Rg3+ 49. Kf2 Be3+ 50. Ke2 h3 51. Bxb3 Bg1 52. Ba4+ Kf7 53. Rb8 Rxa3 54. Bd7 h2 55. Rh8 Kg7 56. Rh5 Be3 57. Bf5 Bh6 58. Kf2 Ra4 59. Be6 Ra2+ 60. Kf3 Kg6 61. Rh4 Bf4 62. Rg4+ Bg5 0-1

[Event "USA-ch U18"]
[Site "Dallas"]
[Date "2006.07.17"]
[Round "4"]
[White "Schneider, Igor"]
[Black "Banawa, Joel Cholo"]
[Result "1/2-1/2"]
[WhiteElo "2367"]
[BlackElo "2260"]
[PlyCount "70"]
[EventDate "2006.07.15"]
[EventType "tourn"]
[EventRounds "9"]
[EventCountry "USA"]
[EventCategory "2"]
[SourceTitle "CBM 113 Extra"]
[Source "ChessBase"]
[SourceDate "2006.09.14"]
[SourceVersion "1"]
[SourceVersionDate "2006.09.14"]
[SourceQuality "1"]

1. e4 e5 2. Nf3 Nc6 3. Bb5 a6 4. Ba4 Nf6 5. 0-0 Be7 6. Re1 b5 7. Bb3 d6 8. c3 0-0 9. h3 Na5 10. Bc2 c5 11. d4 Nd7 12. Nbd2 exd4 13. cxd4 Nc6 14. d5 Nce5 15. Nxe5 Nxe5 16. a4 Rb8 17. axb5 axb5 18. f4 Ng6 19. Nf3 Bh4 20. Rf1 Bg3 21. f5 Ne5 22. Ng5 Nd7 23. b4 Be5 24. Rb1 c4 25. Be3 Bf6 26. Nf3 Ne5 27. Nd4 Bd7 28. Qd2 Ra8 29. Ra1 Qe7 30. Qc3 Rfb8 31. Rxa8 Rxa8 32. Ra1 Qe8 33. Ra3 Qb8 34. Qa1 Rxa3 35. Qxa3 Bd8 1/2-1/2

[Event "USA-ch U18"]
[Site "Dallas"]
[Date "2006.07.16"]
[Round "1"]
[White "Coraretti, Benjamin J"]
[Black "Schneider, Igor"]
[Result "0-1"]
[WhiteElo "1974"]
[BlackElo "2367"]
[PlyCount "58"]
[EventDate "2006.07.15"]
[EventType "tourn"]
[EventRounds "9"]
[EventCountry "USA"]
[EventCategory "2"]
[SourceTitle "CBM 113 Extra"]
[Source "ChessBase"]
[SourceDate "2006.09.14"]
[SourceVersion "1"]
[SourceVersionDate "2006.09.14"]
[SourceQuality "1"]

1. e4 e6 2. d4 d5 3. exd5 exd5 4. Bd3 Nc6 5. c3 Bd6 6. Qf3 Be6 7. Ne2 Qd7 8. h3 0-0-0 9. Bf4 Be7 10. Nd2 g5 11. Be3 h5 12. 0-0-0 Nh6 13. Rde1 Nf5 14. g3 Nd6 15. Qg2 Na5 16. g4 Qa4 17. Kb1 Ndc4 18. Nxc4 dxc4 19. Bc2 Qb5 20. f4 Rd6 21. Ng3 Ra6 22. f5 Bd7 23. Be4 h4 24. Nh5 Kb8 25. Rhf1 Qa4 26. Bc2 Qxa2+ 27. Kc1 Rb6 28. Kd1 Rxb2 29. Bc1 Rxc2 0-1

[Event "USA-ch U18"]
[Site "Dallas"]
[Date "2006.07.16"]
[Round "2"]
[White "Schneider, Igor"]
[Black "Ludwig, Daniel"]
[Result "1/2-1/2"]
[WhiteElo "2367"]
[BlackElo "2391"]
[PlyCount "111"]
[EventDate "2006.07.15"]
[EventType "tourn"]
[EventRounds "9"]
[EventCountry "USA"]
[EventCategory "2"]
[SourceTitle "CBM 113 Extra"]
[Source "ChessBase"]
[SourceDate "2006.09.14"]
[SourceVersion "1"]
[SourceVersionDate "2006.09.14"]
[SourceQuality "1"]

1. e4 c5 2. Nf3 d6 3. d4 cxd4 4. Nxd4 Nf6 5. Nc3 a6 6. Be2 e6 7. 0-0 Be7 8. a4 0-0 9. f4 Nc6 10. Kh1 Qc7 11. Be3 Bd7 12. Nb3 b6 13. Bf3 Rab8 14. Qe2 Na5 15. Nd2 b5 16. axb5 Bxb5 17. Nxb5 axb5 18. b4 Nc6 19. c3 Rfc8 20. Nb3 Nd7 21. Ra6 Nb6 22. Rc1 Nc4 23. e5 d5 24. Nd4 Qd7 25. Bf2 Nxd4 26. Bxd4 Bd8 27. Qf2 Rc6 28. Ra7 Rb7 29. Ra8 Rc8 30. Rca1 g6 31. Be2 Rbb8 32. Rxb8 Rxb8 33. Ra7 Qc6 34. Bxc4 dxc4 35. Qf3 Qxf3 36. gxf3 Bb6 37. Bxb6 Rxb6 38. Kg1 Rb8 39. Kf2 Rd8 40. Rb7 Rd2+ 41. Ke3 Rd3+ 42. Ke4 Rxc3 43. Rxb5 Rb3 44. Rb8+ Kg7 45. b5 h5 46. b6 h4 47. b7 Rb1 48. Kd4 Rb2 49. Kxc4 Rb1 50. Kd3 Rb3+ 51. Kc4 Rb1 52. Kc5 Rc1+ 53. Kd6 Rd1+ 54. Kc5 Rc1+ 55. Kd4 Rb1 56. Kc5 1/2-1/2

[Event "USA-ch GpA"]
[Site "San Diego"]
[Date "2006.03.10"]
[Round "8"]
[White "Schneider, Igor"]
[Black "Kleiman, Jake"]
[Result "1-0"]
[WhiteElo "2376"]
[BlackElo "2279"]
[PlyCount "109"]
[EventDate "2006.03.02"]
[EventType "swiss"]
[EventRounds "9"]
[EventCountry "USA"]
[SourceTitle "CBM 112"]
[Source "ChessBase"]
[SourceDate "2006.06.07"]
[SourceVersion "1"]
[SourceVersionDate "2006.06.07"]
[SourceQuality "1"]

1. e4 d5 2. exd5 Qxd5 3. Nc3 Qa5 4. d4 Nf6 5. Bc4 c6 6. Nge2 Bf5 7. Ng3 Bg6 8. 0-0 e6 9. f4 Be7 10. Qe2 Qd8 11. Be3 0-0 12. Rad1 Nbd7 13. Bb3 Qa5 14. Bf2 Rae8 15. Qf3 Bd6 16. Kh1 h6 17. Nce2 h5 18. Be1 Qa6 19. Nc3 Ng4 20. Bd2 Ndf6 21. Nce4 Nxe4 22. Nxe4 Be7 23. Ng3 Qb6 24. c3 a5 25. h3 Nf6 26. f5 exf5 27. Nxf5 Bd8 28. Nd6 a4 29. Nxe8 Rxe8 30. Bxa4 Qxb2 31. Bb3 h4 32. Bc1 Qb1 33. Bg5 Qb2 34. Bc1 Qb1 35. Bg5 Qb2 36. Bxf6 Bxf6 37. Rde1 Rxe1 38. Rxe1 Qd2 39. Qe3 Qb2 40. Qe8+ Kh7 41. Bxf7 Bxf7 42. Qxf7 Kh6 43. Qc4 Qc2 44. Rf1 b5 45. Qxc6 b4 46. Rxf6+ gxf6 47. Qxf6+ Kh5 48. Qe5+ Kg6 49. Qd6+ Kh5 50. cxb4 Qxa2 51. Qe5+ Kh6 52. b5 Kg6 53. Kh2 Qb2 54. Qd6+ Kh5 55. b6 1-0